00331nam a2200109Ia 4500008004100000020001400041040002900055050002800084100001600112245005200128260004100180221221s9999 xx 000 0 und d a471263826 cChuka University Library aBSL HF 5667 bO673 2003 aO'Regan, D. 0aInternational auditing practical resource guide aJohn wiley and sonbNew Jerseyc2003